Antropología /

Se cuenta la historia de esta ciencia, sus comienzos como rebusca curiosa del aficionado a cosas raras, pasando por la etapa del estudio comparado de los pueblos primitivos, hasta llegar al de los complejos pueblos modernos. Se describen métodos empleados por los antropólogos y los varios tipos de c...

全面介紹

Guardado en:
書目詳細資料
主要作者: Kluckhohn, Clyde (autor)
格式: 圖書
語言:西班牙语
出版: México : Fondo de Cultura Económica, 1957
版:2a edición
叢編:(Breviarios ; 13)
主題:
標簽: 添加標簽
沒有標簽, 成為第一個標記此記錄!

MARC

LEADER 00000nam^a2200000^a^4500
001 000000542
005 20250521000000.0
009 20260310083032.256
037 |a Acervo ITESO - Biblioteca 
041 |a ESP 
082 |a 082.  |b BRE V. 13 
100 |a Kluckhohn, Clyde  |e (autor) 
245 1 0 |a Antropología /  |c C. Kluckhohn ; tr. por Teodoro Ortiz. 
250 |a 2a edición  |b revisada 
264 1 |a México :  |b Fondo de Cultura Económica,  |c 1957 
300 |a 325 p. 
336 |a texto  |b txt  |2 rdacontenido 
337 |a sin mediación  |b n  |2 rdamedio 
338 |a volumen  |b nc  |2 rdasoporte 
440 1 |a (Breviarios ;  |v 13) 
500 |a Traducción de: Mirror for Man 
520 |a Se cuenta la historia de esta ciencia, sus comienzos como rebusca curiosa del aficionado a cosas raras, pasando por la etapa del estudio comparado de los pueblos primitivos, hasta llegar al de los complejos pueblos modernos. Se describen métodos empleados por los antropólogos y los varios tipos de conocimiento que se consideran necesarios. Se explican las ramas de la antropología, la etnografía-etnológica, la arqueología, la física, la lingüística y la moderno concepto de la antropología aplicada. 
649 |a XX 
650 |a Antropología 
910 |a Fondo General 
920 |a Impresos - Libros 
930 |a Colección General 
905 |a 101 
901 |a 0005420100  |b IT1  |c ACC  |i 000542  |u 20250521 
902 |a https://opac.biblio.iteso.mx/vufind/Record/000000542